| 000 | 00886nam a2200217 4500 | ||
|---|---|---|---|
| 001 | 116748 | ||
| 003 | ES-MaACL | ||
| 005 | 20250901062535.0 | ||
| 007 | t| | ||
| 008 | 061121s1963 sp r ||||1| spa d | ||
| 100 | 1 |
_aPaupert, Jean-Marie. _989667 |
|
| 245 | 1 | 1 |
_a¿Qué es, en definitiva, esa Buena Nueva? / _cJean-Marie Paupert ; versión española de María Luisa Pericot. |
| 260 |
_aAndorra : _bCasal i Vall, _c1963. |
||
| 300 |
_a171 p. ; _c19 cm. |
||
| 490 | 1 |
_aYo sé - yo creo. Enciclopedia del católico en el siglo XX ; _v69 |
|
| 500 | _aSexta parte: La Biblia, Libro de Dios, Libro de los Hombres . - Traducción de: Quelle est done cette Bonne Nouvelle. | ||
| 700 | 1 |
_aPericot, María Luisa. _991263 |
|
| 830 | 0 | 0 |
_aYo sé, yo creo: enciclopedia del católico del siglo XX _v69 _9186579 |
| 852 |
_aES-MaACL _jC-25681 _bR.53599 |
||
| 999 |
_c116748 _d116748 |
||